| 000 | 00798nam a22002177a 4500 | ||
|---|---|---|---|
| 005 | 20160225100337.0 | ||
| 008 | 160225b mxu||||| |||| 00| 0 spa d | ||
| 020 | _a9786077110811 | ||
| 050 | 0 | 4 |
_aGN347 _bC54 2012 |
| 100 | _a | ||
| 245 | 0 | 0 |
_aCiencias sociales y mundo audiovisual : _bmemorias de un seminario / _cDíaz Vázquez, Martín , ed ; Pérez Monfort, Ricardo, ed. |
| 250 | _a1a ed. | ||
| 260 |
_aMéxico : _bCIESAS, Juan Pablos Editor, _c2012. |
||
| 300 |
_a278 p. : _bil. ; _c21 cm |
||
| 504 | _aIncluye índice | ||
| 650 | 4 |
_a Antropología _xLos medios audiovisuales. _zMéxico |
|
| 650 | 4 |
_aFotografía _xAspectos sociales _xIndios de México. _zMéxico. |
|
| 700 |
_aDíaz Vázquez, Martín _eed. |
||
| 700 |
_aPérez Monfort, Ricardo _eed. |
||
| 942 |
_2lcc _cLIB |
||
| 999 |
_c113788 _d113788 |
||